000 00267nam a22001217a 4500
020 _a0-7214-7710-0
082 _a823
_bDIS/L
100 _aDISNEY, WALT
245 _aTHE LITTLE MERMAID
260 _aENGLAND
_bLADYBIRD
650 _aENGLISH SHORT STORY
_zUK
942 _cBK
999 _c3737
_d3737